[Event "GER-chT U20"]
[Site "Kiel"]
[Date "2022.07.26"]
[Round "7.7"]
[White "Otterpohl, Isabel"]
[Black "Koleber, Ksenia Alexandra"]
[Result "0-1"]
[WhiteElo "1632"]
[BlackElo "1381"]
[PlyCount "56"]
[EventDate "2022.07.22"]
[EventType "team-swiss"]
[EventRounds "7"]
[EventCountry "GER"]
[SourceTitle "CBM 209 Extra"]
[Source "ChessBase"]
[SourceDate "2022.09.30"]
[SourceVersion "1"]
[SourceVersionDate "2022.09.30"]
[SourceQuality "1"]
[WhiteTeam "Essen Katernberg"]
[BlackTeam "Biebertal"]
[WhiteTeamCountry "GER"]
[BlackTeamCountry "GER"]

1. e4 e5 2. d4 exd4 3. Nf3 Bc5 4. Bc4 Nc6 5. 0-0 Nge7 6. c3 dxc3 7. Nxc3 d6 8. Na4 Bb6 9. Nxb6 axb6 10. b3 Ng6 11. Bb2 0-0 12. h3 Qe7 13. Qc2 Be6 14. Qc3 Nge5 15. Nxe5 dxe5 16. Be2 f6 17. Qe3 Nb4 18. Qc3 Nxa2 19. Qc2 Nb4 20. Qc3 c5 21. Ba3 Nc6 22. Rfb1 Nd4 23. Bf1 Rfc8 24. Kh1 Qc7 25. Kg1 Qf7 26. Bc4 Bxc4 27. Qxc4 Qxc4 28. bxc4 Nc2 0-1

[Event "GER-chT U20"]
[Site "Kiel"]
[Date "2022.07.24"]
[Round "4.5"]
[White "Otterpohl, Isabel"]
[Black "Weigand, Anton"]
[Result "0-1"]
[WhiteElo "1632"]
[BlackElo "1919"]
[PlyCount "100"]
[EventDate "2022.07.22"]
[EventType "team-swiss"]
[EventRounds "7"]
[EventCountry "GER"]
[SourceTitle "CBM 209 Extra"]
[Source "ChessBase"]
[SourceDate "2022.09.30"]
[SourceVersion "1"]
[SourceVersionDate "2022.09.30"]
[SourceQuality "1"]
[WhiteTeam "Essen Katernberg"]
[BlackTeam "Lehrte"]
[WhiteTeamCountry "GER"]
[BlackTeamCountry "GER"]

1. e4 c5 2. c3 d5 3. exd5 Qxd5 4. Nf3 Nc6 5. d4 Bf5 6. Na3 cxd4 7. Nxd4 0-0-0 8. Be3 Nf6 9. Nxf5 Qxf5 10. Qc2 Qxc2 11. Nxc2 Ng4 12. Rd1 Rxd1+ 13. Kxd1 e6 14. g3 Nxe3+ 15. Nxe3 Bc5 16. Ke2 Rd8 17. Bg2 Bxe3 18. fxe3 Ne5 19. b3 f6 20. h3 b6 21. Rd1 Rxd1 22. Kxd1 Kc7 23. Kd2 Kd6 24. Kc2 g5 25. g4 f5 26. gxf5 exf5 27. Kd2 h5 28. Ke2 Ke6 29. a4 a5 30. Bh1 g4 31. Bg2 g3 32. Bh1 h4 33. Bg2 Kd6 34. Kd2 Nf7 35. Kd3 Kc5 36. Kc2 Ng5 37. Kb2 Ne4 38. Kc2 Nf6 39. Kd2 Nd5 40. b4+ axb4 41. cxb4+ Nxb4 42. Ke2 Kd6 43. Kf3 Ke5 44. Bf1 Nc2 45. Bb5 Nb4 46. Bf1 Nd5 47. Ba6 Nc3 48. Bb7 Nxa4 49. Bc6 Nc3 50. Kg2 b5 0-1

[Event "BL2 West 1819 (Women)"]
[Site "Germany"]
[Date "2019.01.12"]
[Round "6.4"]
[White "Otterpohl, Isabel"]
[Black "Veldhuis, Karina"]
[Result "0-1"]
[WhiteElo "1630"]
[BlackElo "1800"]
[PlyCount "92"]
[EventDate "2018.10.27"]
[EventType "team-tourn"]
[EventRounds "7"]
[EventCountry "GER"]
[SourceTitle "CBM 190 Extra"]
[Source "ChessBase"]
[SourceDate "2019.07.15"]
[SourceVersion "1"]
[SourceVersionDate "2019.07.15"]
[SourceQuality "1"]
[WhiteTeam "Bochum Wattenscheid (W)"]
[BlackTeam "Steinfurt (W)"]
[WhiteTeamCountry "GER"]
[BlackTeamCountry "GER"]

1. e4 c5 2. c3 d6 3. d4 cxd4 4. cxd4 Nf6 5. Nc3 e6 6. Nf3 Be7 7. Bd3 0-0 8. 0-0 Nc6 9. a3 a6 10. Bc2 b5 11. b4 Qc7 12. Qd3 Rd8 13. Bb2 Bb7 14. Bb3 Rac8 15. Rac1 Qb6 16. Rfd1 g6 17. Qe2 Na7 18. e5 dxe5 19. Nxe5 Rxd4 20. Rxd4 Qxd4 21. Rd1 Qb6 22. Nd7 Nxd7 23. Rxd7 Qc6 24. Rd5 exd5 25. Bxd5 Qd7 26. Bxb7 Qxb7 27. Qe5 Qc7 28. Qd4 f6 29. g3 Rd8 30. Nd5 Qd7 31. Nxf6+ Bxf6 32. Qxf6 Qd1+ 33. Kg2 Qd5+ 34. Kg1 Rd7 35. Qh8+ Kf7 36. Qxh7+ Ke8 37. Qxg6+ Kd8 38. Qf6+ Re7 39. Qb6+ Rc7 40. Bf6+ Kd7 41. Qe3 Nc6 42. Bg5 Rc8 43. Qf4 Re8 44. Qg4+ Kc7 45. Bf4+ Kb7 46. Qg7+ Re7 0-1

[Event "GER-chT U14"]
[Site "Verden an der Aller"]
[Date "2017.12.29"]
[Round "5.3"]
[White "Grunwald, Jonathan"]
[Black "Otterpohl, Isabel"]
[Result "0-1"]
[WhiteElo "1588"]
[BlackElo "1600"]
[PlyCount "77"]
[EventDate "2017.12.26"]
[EventType "team-swiss"]
[EventRounds "7"]
[EventCountry "GER"]
[SourceTitle "CBM 182 Extra"]
[Source "ChessBase"]
[SourceDate "2018.02.23"]
[SourceVersion "1"]
[SourceVersionDate "2018.02.23"]
[SourceQuality "1"]
[WhiteTeam "Biebertal"]
[BlackTeam "Essen Katernberg"]
[WhiteTeamCountry "GER"]
[BlackTeamCountry "GER"]

1. e4 e6 2. Nc3 d5 3. Nf3 Nf6 4. e5 Nfd7 5. d4 c5 6. dxc5 Nc6 7. Bf4 Bxc5 8. Bd3 f6 9. exf6 Nxf6 10. 0-0 0-0 11. Nxd5 Bd7 12. Qe2 Qe7 13. Rae1 Rae8 14. Nc3 Kh8 15. Nb1 Ne4 16. Bxe4 Rxf4 17. Bxh7 Kxh7 18. Nd4 Kh8 19. Qh5+ Kg8 20. Nc3 Ref8 21. Ndb5 Bxf2+ 22. Kh1 Ne5 23. Nd5 exd5 24. Nc3 Qf7 25. Qxf7+ R8xf7 26. Rd1 Be6 27. b3 Bb6 28. Rfe1 Bg4 29. Rc1 Bc5 30. h3 Bh5 31. Ne2 Kf8 32. c4 Nc6 33. Nc3 Nb4 34. Re5 Nd3 35. Rxh5 Nxc1 36. b4 a6 37. a3 Rf1+ 38. Kh2 R7f4 39. Re5 0-1

[Event "GER-chT U14"]
[Site "Verden an der Aller"]
[Date "2017.12.29"]
[Round "6.3"]
[White "Otterpohl, Isabel"]
[Black "Ertl, Liam"]
[Result "1/2-1/2"]
[WhiteElo "1600"]
[BlackElo "1453"]
[PlyCount "88"]
[EventDate "2017.12.26"]
[EventType "team-swiss"]
[EventRounds "7"]
[EventCountry "GER"]
[SourceTitle "CBM 182 Extra"]
[Source "ChessBase"]
[SourceDate "2018.02.23"]
[SourceVersion "1"]
[SourceVersionDate "2018.02.23"]
[SourceQuality "1"]
[WhiteTeam "Essen Katernberg"]
[BlackTeam "Plauen Koenig"]
[WhiteTeamCountry "GER"]
[BlackTeamCountry "GER"]

1. e4 c5 2. c3 Nc6 3. d4 cxd4 4. cxd4 e6 5. Nf3 d6 6. Nc3 Nf6 7. Bb5 Bd7 8. 0-0 Be7 9. a3 0-0 10. Bg5 a6 11. Ba4 b5 12. Bc2 h6 13. Bh4 Rc8 14. Qd3 e5 15. Nd5 Be6 16. Nxf6+ Bxf6 17. Bxf6 Qxf6 18. d5 Bg4 19. dxc6 Rxc6 20. Bb3 Rfc8 21. h3 Bh5 22. Ne1 Qf4 23. Nc2 Bg6 24. Rfe1 d5 25. f3 dxe4 26. fxe4 a5 27. a4 b4 28. Qe2 Qg3 29. Qe3 Qxe3+ 30. Rxe3 Rxc2 31. Bxc2 Rxc2 32. b3 Rc5 33. Rd1 Kf8 34. Kf2 Ke7 35. Kf3 f6 36. Red3 Bh5+ 37. g4 Be8 38. Rd5 Rc3+ 39. R1d3 Rxd3+ 40. Rxd3 Bf7 41. Kf2 Be6 42. Kg3 Bg8 43. Kf3 Bf7 44. Ke3 Bg8 1/2-1/2

[Event "BL2 West 1617 (Women)"]
[Site "Germany"]
[Date "2017.01.21"]
[Round "3.5"]
[White "Kohls, Vera"]
[Black "Otterpohl, Isabel"]
[Result "1-0"]
[WhiteElo "1786"]
[BlackElo "1705"]
[PlyCount "49"]
[EventDate "2016.10.22"]
[EventType "team-tourn"]
[EventRounds "7"]
[EventCountry "GER"]
[SourceTitle "EXT 2018"]
[Source "ChessBase"]
[SourceDate "2017.10.13"]
[SourceVersion "1"]
[SourceVersionDate "2017.10.13"]
[SourceQuality "1"]
[WhiteTeam "Delmenhorst (W)"]
[BlackTeam "Horst Emscher (W)"]
[WhiteTeamCountry "GER"]
[BlackTeamCountry "GER"]

1. Nf3 Nf6 2. d4 d5 3. Bg5 h6 4. Bh4 e6 5. e3 c5 6. c3 a6 7. Ne5 Be7 8. Bd3 Nbd7 9. f4 c4 10. Bc2 Nxe5 11. fxe5 Nd7 12. Bxe7 Qxe7 13. 0-0 0-0 14. Qh5 b5 15. Nd2 b4 16. a3 bxa3 17. bxa3 Nb6 18. e4 Bd7 19. exd5 exd5 20. Rf3 Rab8 21. Rg3 Kh8 22. Rf1 Be6 23. Rf6 Kg8 24. Rxh6 Rfe8 25. Rh8# 1-0

[Event "GER-chT Federal Cup (Women)"]
[Site "Braunfels"]
[Date "2016.05.29"]
[Round "5.5"]
[White "Otterpohl, Isabel"]
[Black "Pump, Karen"]
[Result "1-0"]
[WhiteElo "1422"]
[BlackElo "1636"]
[PlyCount "27"]
[EventDate "2016.05.26"]
[EventType "team-swiss"]
[EventRounds "5"]
[EventCountry "GER"]
[SourceTitle "EXT 2019"]
[Source "ChessBase"]
[SourceDate "2018.10.10"]
[SourceVersion "1"]
[SourceVersionDate "2018.10.10"]
[SourceQuality "1"]
[WhiteTeam "Nordrhein Westfalen (W) II"]
[BlackTeam "Hamburg (W)"]
[WhiteTeamCountry "GER"]
[BlackTeamCountry "GER"]

1. e4 c5 2. c3 d5 3. exd5 Qxd5 4. d4 Nc6 5. Nf3 Bg4 6. Be2 e6 7. Be3 cxd4 8. cxd4 Bb4+ 9. Nc3 Qa5 10. Qb3 Qc7 11. 0-0 a6 12. d5 exd5 13. Nxd5 Qa5 14. Bb6 1-0

[Event "GER-chT Federal Cup (Women)"]
[Site "Braunfels"]
[Date "2016.05.28"]
[Round "4.5"]
[White "Holschuh, Luisa"]
[Black "Otterpohl, Isabel"]
[Result "0-1"]
[WhiteElo "1428"]
[BlackElo "1422"]
[PlyCount "60"]
[EventDate "2016.05.26"]
[EventType "team-swiss"]
[EventRounds "5"]
[EventCountry "GER"]
[SourceTitle "EXT 2019"]
[Source "ChessBase"]
[SourceDate "2018.10.10"]
[SourceVersion "1"]
[SourceVersionDate "2018.10.10"]
[SourceQuality "1"]
[WhiteTeam "Saarland Schleswig Holstein (W)"]
[BlackTeam "Nordrhein Westfalen (W) II"]
[WhiteTeamCountry "GER"]
[BlackTeamCountry "GER"]

1. b3 e5 2. e3 Nc6 3. Bb2 Nf6 4. Nf3 d6 5. d4 e4 6. Nfd2 d5 7. c4 Bf5 8. Nc3 Bb4 9. a3 Bxc3 10. Bxc3 0-0 11. Be2 Re8 12. 0-0 Ne7 13. f3 exf3 14. Nxf3 Ng4 15. Bd2 dxc4 16. Ng5 Nh6 17. Bxc4 Nd5 18. Nxf7 Kxf7 19. Qh5+ Kg8 20. Rxf5 Nxf5 21. Qxf5 c6 22. Rf1 Rf8 23. Qe6+ Kh8 24. Rf7 Rxf7 25. Qxf7 b5 26. Bd3 Qf6 27. Qh5 g6 28. Qh3 Rf8 29. e4 Qf2+ 30. Kh1 Qxd2 0-1

[Event "GER-ch U12 Girls"]
[Site "Willingen"]
[Date "2016.05.17"]
[Round "5"]
[White "Otterpohl, Isabel"]
[Black "Schnabel, Luise"]
[Result "1/2-1/2"]
[WhiteElo "1522"]
[BlackElo "1516"]
[PlyCount "51"]
[EventDate "2016.05.15"]
[EventType "swiss"]
[EventRounds "11"]
[EventCountry "GER"]
[SourceTitle "CBM 172 Extra"]
[Source "ChessBase"]
[SourceDate "2016.06.21"]
[SourceVersion "1"]
[SourceVersionDate "2016.06.21"]
[SourceQuality "1"]

1. e4 c5 2. c3 d5 3. exd5 Qxd5 4. d4 g6 5. Nf3 Bg7 6. Be3 Nf6 7. Be2 Ng4 8. Bf4 cxd4 9. cxd4 0-0 10. 0-0 Nc6 11. Nc3 Qd8 12. h3 Nf6 13. Qd2 Bf5 14. Rfd1 e6 15. Rac1 Rc8 16. b3 a6 17. d5 exd5 18. Nxd5 Nxd5 19. Qxd5 Qxd5 20. Rxd5 Rfd8 21. Rxd8+ Rxd8 22. Bxa6 Bb2 23. Rc5 Ba3 24. Rc3 Bb2 25. Rc5 Ba3 26. Rc3 1/2-1/2

[Event "BL2 West 1516 (Women)"]
[Site "Germany"]
[Date "2016.02.27"]
[Round "6.5"]
[White "Kohls, Vera"]
[Black "Otterpohl, Isabel"]
[Result "1/2-1/2"]
[WhiteElo "1785"]
[BlackElo "1635"]
[PlyCount "103"]
[EventDate "2015.09.26"]
[EventType "team-tourn"]
[EventRounds "7"]
[EventCountry "GER"]
[SourceTitle "EXT 2017"]
[Source "ChessBase"]
[SourceDate "2016.10.25"]
[SourceVersion "1"]
[SourceVersionDate "2016.10.25"]
[SourceQuality "1"]
[WhiteTeam "Delmenhorst (W)"]
[BlackTeam "Horst Emscher (W)"]
[WhiteTeamCountry "GER"]
[BlackTeamCountry "GER"]

1. Nf3 Nf6 2. d4 d5 3. Bg5 Bf5 4. c3 e6 5. Qb3 b6 6. Ne5 Be7 7. Qa4+ Nbd7 8. Nc6 Qc8 9. Nxe7 Kxe7 10. e3 a6 11. Nd2 Re8 12. f4 Kf8 13. h3 Kg8 14. Be2 c5 15. 0-0 Be4 16. Rac1 Qb7 17. Nf3 Bg6 18. Ne5 Nxe5 19. fxe5 Ne4 20. Bh4 Rec8 21. Qd1 Qd7 22. Be1 Qe7 23. h4 Bf5 24. g4 Bg6 25. Bf3 h6 26. Kh2 Rf8 27. Bxe4 Bxe4 28. Bg3 f6 29. Qe1 fxe5 30. Rxf8+ Rxf8 31. Bxe5 Qf7 32. Qg3 Qf2+ 33. Qxf2 Rxf2+ 34. Kg3 Rf3+ 35. Kh2 Rxe3 36. Rf1 Re2+ 37. Kg3 Rxb2 38. dxc5 bxc5 39. Bd6 Rc2 40. Rf8+ Kh7 41. Be5 Rxa2 42. Rf7 Kg8 43. Rxg7+ Kf8 44. Rc7 c4 45. Bg7+ Ke8 46. Bxh6 Rg2+ 47. Kf4 Rf2+ 48. Ke5 Rf7 49. Rc8+ Kd7 50. Ra8 Rf3 51. Rxa6 Rxc3 52. Rxe6 1/2-1/2

[Event "Gelsenkirchen Silvester op 2nd"]
[Site "Gelsenkirchen"]
[Date "2014.12.29"]
[Round "5"]
[White "Otterpohl, Isabel"]
[Black "Meyer, Stefan"]
[Result "0-1"]
[WhiteElo "1143"]
[BlackElo "1775"]
[PlyCount "92"]
[EventDate "2014.12.27"]
[EventType "swiss"]
[EventRounds "5"]
[EventCountry "GER"]
[SourceTitle "EXT 2019"]
[Source "ChessBase"]
[SourceDate "2018.10.10"]
[SourceVersion "1"]
[SourceVersionDate "2018.10.10"]
[SourceQuality "1"]

1. e4 Nf6 2. Nc3 e5 3. Nf3 Nc6 4. Bc4 Nxe4 5. Nxe4 d5 6. Bxd5 Qxd5 7. d3 Bg4 8. h3 Bh5 9. Nc3 Bb4 10. Bd2 Bxc3 11. Bxc3 Bxf3 12. Qxf3 Qxf3 13. gxf3 0-0-0 14. 0-0-0 Nd4 15. Bxd4 Rxd4 16. Rde1 f6 17. Rhg1 g6 18. Rg3 Kd7 19. Kd2 Rd8 20. Rg4 Rd5 21. Rge4 Kc6 22. Rc4+ Kd6 23. Rce4 Rd7 24. Rd1 Rd4 25. Re3 Rh4 26. Rh1 Ke6 27. Ke2 Rdd4 28. Kd2 Rdf4 29. c3 Kd6 30. Kc2 Rh5 31. Rh2 Rhf5 32. Kd2 Rxf3 33. Rxf3 Rxf3 34. Ke2 Rf4 35. Ke3 c5 36. b3 b5 37. Rh1 Rh4 38. Kf3 c4 39. dxc4 bxc4 40. b4 e4+ 41. Kg2 Rh5 42. Kg3 Rd5 43. Rc1 Rd3+ 44. Kf4 f5 45. h4 h6 46. Rd1 Rxd1 0-1

[Event "Gelsenkirchen Silvester op 2nd"]
[Site "Gelsenkirchen"]
[Date "2014.12.28"]
[Round "4"]
[White "Leuckert, Karsten"]
[Black "Otterpohl, Isabel"]
[Result "1/2-1/2"]
[WhiteElo "1701"]
[BlackElo "1143"]
[PlyCount "77"]
[EventDate "2014.12.27"]
[EventType "swiss"]
[EventRounds "5"]
[EventCountry "GER"]
[SourceTitle "EXT 2019"]
[Source "ChessBase"]
[SourceDate "2018.10.10"]
[SourceVersion "1"]
[SourceVersionDate "2018.10.10"]
[SourceQuality "1"]

1. d4 d5 2. Nf3 Nf6 3. e3 Bf5 4. c4 c6 5. Be2 e6 6. 0-0 Bd6 7. b3 0-0 8. Nbd2 b6 9. Bb2 Nbd7 10. Ne5 Re8 11. f4 Ne4 12. g4 Nxd2 13. Qxd2 Be4 14. Qe1 c5 15. Nxd7 Qxd7 16. Rc1 Qe7 17. Bf3 Bd3 18. Be2 Be4 19. Qf2 Kh8 20. Rfd1 Rg8 21. Qg3 Rad8 22. Qh3 Rgf8 23. Bd3 Bxd3 24. Rxd3 dxc4 25. Rxc4 cxd4 26. Rcxd4 Bc5 27. Rxd8 Rxd8 28. Qf1 h6 29. h3 a5 30. Qd1 Bxe3+ 31. Kg2 Rxd3 32. Qxd3 Bxf4 33. Qd4 e5 34. Qxb6 Qd7 35. Qf2 Qd5+ 36. Qf3 Qd2+ 37. Qf2 Qd5+ 38. Qf3 Qd2+ 39. Qf2 1/2-1/2

[Event "Gelsenkirchen Silvester op 2nd"]
[Site "Gelsenkirchen"]
[Date "2014.12.28"]
[Round "3"]
[White "Otterpohl, Isabel"]
[Black "Rochol, Juergen"]
[Result "1-0"]
[WhiteElo "1143"]
[BlackElo "1859"]
[PlyCount "59"]
[EventDate "2014.12.27"]
[EventType "swiss"]
[EventRounds "5"]
[EventCountry "GER"]
[SourceTitle "EXT 2019"]
[Source "ChessBase"]
[SourceDate "2018.10.10"]
[SourceVersion "1"]
[SourceVersionDate "2018.10.10"]
[SourceQuality "1"]

1. e4 e5 2. Nf3 Nc6 3. Bc4 Nf6 4. d4 exd4 5. e5 Ng4 6. Bf4 Bc5 7. 0-0 0-0 8. h3 Na5 9. Bd3 Nh6 10. Bxh6 gxh6 11. a3 Nc6 12. c3 d6 13. exd6 dxc3 14. dxc7 cxb2 15. cxd8Q bxa1Q 16. Qh4 Qg7 17. Re1 Be6 18. Qc1 Rad8 19. Bc2 Nd4 20. Nxd4 Rxd4 21. Qhxh6 Rc4 22. Qxg7+ Kxg7 23. Kf1 Bf5 24. Qg5+ Bg6 25. Bb3 f6 26. Qd5 Bf7 27. Qxb7 Rf4 28. f3 Rf5 29. Rd1 Kg8 30. Rd7 1-0